V Rakúsoch majú nové ihrisko

Bibliographic Details
Format: Article
Language:Slovak
Subjects:

MARC

LEADER 00000nab a2200000 ar4500
001 vtls009476336
003 SK-MaSNL
005 20260305031403.0
008 090223c2009 xo wr|p|||||||000 b|slo
038 |a PPPK 
040 |a PPPKCL  |b slo  |c PPPKCL  |e AACR2 
041 0 |a slo 
044 |a xo  |c SK 
080 |a 712.257  |2 2001 
080 |a 394.48  |2 2001 
245 0 0 |a V Rakúsoch majú nové ihrisko  |c [autor] (bšl) 
300 |b Fotogr. 
648 7 |a 2008  |2 pppkcl  |9 317238 
650 0 7 |a ihriská  |2 pppkcl  |9 181037 
650 0 7 |a slávnostné otvorenie  |2 pppkcl  |9 448877 
651 7 |a Rakúsy (Slovensko)  |2 pppkcl  |9 54505 
651 7 |a Kežmarok (Slovensko : okres)  |2 pppkcl  |9 51824 
773 0 |t Podtatranské noviny  |g Roč. IL, č. 47 (2008), s. 8 
852 |a PPPK  |b KIS3GCP 
999 |c 3315921  |d 3317851